[Event "Lansing (MI Am/5/27)"]
[Site "?"]
[Date "1990.??.??"]
[Round "?"]
[White "Anderson, Gale"]
[Black "Solski, Jeff"]
[Result "1-0"]
[WhiteElo "1710"]
[BlackElo "1605"]
[PlyCount "109"]
[EventDate "1990.??.??"]

{5/(27)} 1. d4 Nf6 2. c4 d6 3. Nf3 g6 4. Nc3 Bg7 5. e3 c6 6. Be2 h5 7. Bd2 a6
8. Qc2 b5 9. b4 Nbd7 10. Rd1 Bb7 11. c5 d5 12. a4 Qb8 13. Bd3 Nf8 14. Ra1 N8d7
15. Ra3 e5 16. dxe5 Nxe5 17. Be2 Nxf3+ 18. Bxf3 Nd7 19. Ne2 Ne5 20. Nd4 Nxf3+
21. Nxf3 Qc8 22. Bc3 O-O 23. O-O f6 24. Qxg6 Qg4 25. Qxg4 hxg4 26. Nd4 Kf7 27.
Nf5 Bc8 28. Nd6+ Kg6 29. axb5 cxb5 30. Nxb5 Bd7 31. Nc7 Ra7 32. Nxd5 Bc6 33.
Nf4+ Kh7 34. Rd1 Rc8 35. Ne6 Raa8 36. Rd4 a5 37. Nxg7 Kxg7 38. Rxg4+ Kf7 39. h4
axb4 40. Rxa8 Bxa8 41. Bxb4 f5 42. Rd4 Kg6 43. Kh2 Kh5 44. Ba5 Rg8 45. g3 Bf3
46. Rf4 Ra8 47. Rxf3 Kg4 48. Rf4+ Kh5 49. Bc7 Ra2 50. Kg2 Kg6 51. Bd8 Rc2 52.
Be7 Rc3 53. h5+ Kxh5 54. Rxf5+ Kg4 55. Rg5# 1-0

[Event "Flint (Class B/4)"]
[Site "?"]
[Date "1990.??.??"]
[Round "?"]
[White "Anderson, Connie"]
[Black "Steverson, Bunnard"]
[Result "1-0"]
[WhiteElo "1650"]
[BlackElo "1725"]
[PlyCount "113"]
[EventDate "1990.??.??"]

1. e4 c5 2. Nc3 d6 3. g3 Nf6 4. Bg2 e6 5. d3 Be7 6. Nge2 O-O 7. O-O Nc6 8. Be3
a6 9. h3 Qc7 10. f4 g6 11. Kh2 Nh5 12. Bf3 Ng7 13. Qe1 b5 14. Qf2 Bf6 15. Qg2
Be7 16. Nd1 Nb4 17. c3 Nc2 18. Rc1 Nxe3 19. Nxe3 Bb7 20. d4 c4 21. e5 Bxf3 22.
Rxf3 d5 23. g4 b4 24. g5 Qa5 25. h4 Qxa2 26. Rc2 bxc3 27. bxc3 Qa4 28. Ng3 a5
29. Ng4 Rab8 30. Nf6+ Kh8 31. h5 Bxf6 32. gxf6 Nxh5 33. Nxh5 h6 34. Rh3 Kh7 35.
Ng7 Rh8 36. Rxh6+ Kg8 37. Rxh8+ Kxh8 38. Qh3+ Kg8 39. Rg2 Qa3 40. Nxe6 Rb2 41.
Ng5 Rxg2+ 42. Qxg2 Qxc3 43. Nf3 a4 44. e6 Qe3 45. e7 Qxf4+ 46. Qg3 Qe3 47. Ne5
Qe2+ 48. Kh3 Qf1+ 49. Qg2 Qf5+ 50. Ng4 Qe6 51. Kh4 c3 52. Qg3 Qc8 53. Ne5 Qe6
54. Nxg6 Qxf6+ 55. Qg5 Qf2+ 56. Kh5 Qf3+ 57. Kh6 1-0

[Event "Flint (Class B/1)"]
[Site "?"]
[Date "1990.??.??"]
[Round "?"]
[White "Anderson, Connie"]
[Black "Jordan, Willie"]
[Result "0-1"]
[WhiteElo "1650"]
[BlackElo "1685"]
[PlyCount "190"]
[EventDate "1990.??.??"]

1. e4 d6 2. Nf3 Nf6 3. Bc4 g6 4. O-O Bg7 5. d3 Nc6 6. Bg5 Bg4 7. h3 Bxf3 8.
Qxf3 Nd4 9. Qd1 h6 10. Be3 Nc6 11. Bb5 a6 12. Bxc6+ bxc6 13. Nc3 Rb8 14. Rb1 c5
15. Qd2 g5 16. Ne2 Nh5 17. c3 Qd7 18. Ng3 Nxg3 19. fxg3 O-O 20. b3 f5 21. exf5
Rxf5 22. d4 cxd4 23. Bxd4 e5 24. Be3 Rbf8 25. Qd3 Qb5 26. c4 Rxf1+ 27. Rxf1
Rxf1+ 28. Qxf1 Qa5 29. Qf2 Qc3 30. Kh2 e4 31. h4 Qe5 32. Kh3 Qe6+ 33. g4 h5 34.
Qf5 hxg4+ 35. Qxg4 Qxg4+ 36. Kxg4 gxh4 37. Kxh4 Kf7 38. Kg5 Ke6 39. Kf4 d5 40.
cxd5+ Kxd5 41. Kf5 c5 42. g4 Bd4 43. Kf4 Be5+ 44. Kf5 Bd4 45. Kf4 Be5+ 46. Kf5
Bd4 47. Bd2 e3 48. Be1 Bb2 49. Kf4 Kd4 50. g5 Kd3 51. Kf3 e2 52. g6 Bg7 53. Kf4
Bb2 54. Kf5 a5 55. Ke6 Bc3 56. Bf2 Kd2 57. Kd5 Bd4 58. Bg3 Kc2 59. Kc4 Kb2 60.
a4 Kc2 61. Be1 Kd1 62. Bxa5 Kc2 63. Be1 Kd1 64. Bh4 Bf6 65. Bf2 Bd4 66. g7 Bxf2
67. g8=Q e1=Q 68. Qg4+ Kc1 69. Qf4+ Be3 70. Qe4 Qb4+ 71. Kd5 Qb7+ 72. Ke5 Bd4+
73. Kf4 Qxb3 74. Qe1+ Kb2 75. Qd2+ Qc2 76. Qxc2+ Kxc2 77. Ke4 Kc3 78. a5 c4 79.
a6 Bg1 80. Kf3 Kd2 81. Ke4 c3 82. Kd5 c2 83. Kc6 c1=Q+ 84. Kd5 Qc5+ 85. Ke4
Qc6+ 86. Ke5 Qxa6 87. Kd5 Qb7+ 88. Ke5 Qd7 89. Ke4 Qe6+ 90. Kf4 Ke2 91. Kg5 Qf7
92. Kg4 Kf2 93. Kg5 Kf3 94. Kh4 Qg6 95. Kh3 Qg3# 0-1

[Event "Lansing (Apr)"]
[Site "?"]
[Date "1990.??.??"]
[Round "?"]
[White "Ama, T."]
[Black "Wright, Eric"]
[Result "0-1"]
[WhiteElo "1605"]
[BlackElo "1605"]
[PlyCount "78"]
[EventDate "1990.??.??"]

1. d4 Nf6 2. c4 d6 3. Nf3 c6 4. Bg5 Bg4 5. h3 Bxf3 6. exf3 Qa5+ 7. Bd2 Qb6 8.
Bc3 e6 9. Qe2 Be7 10. d5 e5 11. Nd2 O-O 12. g4 Nbd7 13. dxc6 bxc6 14. Bg2 Bd8
15. a3 a5 16. b4 axb4 17. Bxb4 c5 18. Bc3 Ra4 19. O-O Bc7 20. Rfb1 Qa6 21. Rb3
Nb6 22. Bb2 Nxc4 23. Nxc4 Rxc4 24. Bf1 d5 25. Qd1 Qa4 26. Bxc4 dxc4 27. Rb7 Qa5
28. Rc1 Rd8 29. Qf1 Ne8 30. Bc3 Qxa3 31. Qe1 Rd3 32. Bb2 Qa8 33. Rxc7 Nxc7 34.
Qxe5 Ne6 35. f4 Rxh3 36. Kf1 Qh1+ 37. Ke2 Qf3+ 38. Kd2 Qd3+ 39. Ke1 Rh1# 0-1

[Event "Lansing (Apr)"]
[Site "?"]
[Date "1990.??.??"]
[Round "?"]
[White "Ama, T."]
[Black "Wolak, K."]
[Result "1-0"]
[WhiteElo "1605"]
[BlackElo "1605"]
[PlyCount "69"]
[EventDate "1990.??.??"]

1. e4 e5 2. Nf3 Nc6 3. c3 Nf6 4. d3 d6 5. Nbd2 Bg4 6. h3 Bh5 7. Qb3 b6 8. Be2
Na5 9. Qd1 g6 10. d4 exd4 11. Nxd4 Bg7 12. g4 Qe7 13. gxh5 Nxe4 14. Nxe4 Qxe4
15. Rg1 O-O-O 16. Nf3 h6 17. hxg6 fxg6 18. Rg4 Qe6 19. Qc2 Rhe8 20. Be3 g5 21.
Bb5 Re7 22. Qa4 Qd5 23. Nd2 Qh1+ 24. Nf1 Qxh3 25. Rc4 Kb8 26. b4 Nxc4 27. Bxc4
Bxc3+ 28. Ke2 Qg4+ 29. Kd3 Bxa1 30. Qc6 Qd1+ 31. Nd2 Rf8 32. Ba6 Rxe3+ 33. fxe3
Qxd2+ 34. Kxd2 Rf2+ 35. Kd3 1-0

[Event "Lansing (Mini-Swiss.6/3)"]
[Site "?"]
[Date "1990.??.??"]
[Round "?"]
[White "Ama, T."]
[Black "Lenning, B."]
[Result "0-1"]
[WhiteElo "1605"]
[BlackElo "1605"]
[PlyCount "70"]
[EventDate "1990.??.??"]

{6/(3)} 1. d4 c6 2. e4 d5 3. e5 Bf5 4. Nf3 e6 5. a3 a5 6. c3 Nd7 7. Be3 b5 8.
a4 Qb6 9. b3 Bg4 10. Be2 Nh6 11. h3 Bxf3 12. Bxf3 Nf5 13. O-O f6 14. exf6 Nxf6
15. Re1 Nh4 16. Bh5+ g6 17. Bg5 Nxh5 18. Rxe6+ Kd7 19. Qg4 Nf5 20. Qe2 Nhg7 21.
Rf6 Nd6 22. Nd2 Re8 23. Qg4+ Ngf5 24. Nf3 Re4 25. Ne5+ Kc7 26. Qf3 Bg7 27. Re6
Re8 28. Rxe8 Nxe8 29. Nd3 Bf6 30. Bf4+ Ned6 31. Nc5 Re7 32. g4 Bxd4 33. cxd4
Nxd4 34. Bxd6+ Kxd6 35. Nd3 Nxf3+ 0-1

[Event "Detroit (MI Op/6/37)"]
[Site "?"]
[Date "1990.??.??"]
[Round "?"]
[White "Almquist, W."]
[Black "Kosanovich, M."]
[Result "0-1"]
[WhiteElo "1870"]
[BlackElo "1620"]
[PlyCount "36"]
[EventDate "1990.??.??"]

{6/(37)} 1. e4 c5 2. Nf3 Nc6 3. d4 cxd4 4. Nxd4 e5 5. Nb5 d6 6. N1c3 a6 7. Na3
b5 8. Nd5 Nf6 9. Bg5 Qa5+ 10. Bd2 Qd8 11. Nxf6+ Qxf6 12. c4 Qg6 13. cxb5 Qxe4+
14. Be2 Nd4 15. f3 Nxf3+ 16. gxf3 Qh4+ 17. Kf1 Bh3+ 18. Kg1 Qd4+ 0-1

[Event "Detroit (MI Op/4/39)"]
[Site "?"]
[Date "1990.??.??"]
[Round "?"]
[White "Almquist, W."]
[Black "Davis, Michael"]
[Result "1-0"]
[WhiteElo "1870"]
[BlackElo "1605"]
[PlyCount "43"]
[EventDate "1990.??.??"]

{4/(39)} 1. e4 e6 2. d4 d5 3. Nc3 c5 4. exd5 exd5 5. Nf3 Nc6 6. Be2 Nf6 7. O-O
Be7 8. Re1 O-O 9. dxc5 Bxc5 10. Bg5 d4 11. Bxf6 Qxf6 12. Ne4 Qe7 13. Bd3 Bb6
14. Neg5 g6 15. Rxe7 Nxe7 16. Qe2 Nc6 17. Qe4 Bf5 18. Qh4 h5 19. Bxf5 gxf5 20.
Qxh5 Rfd8 21. Qh7+ Kf8 22. Qxf7# 1-0

[Event "Detroit (MI Op/2/11)"]
[Site "?"]
[Date "1990.??.??"]
[Round "?"]
[White "Almquist, W."]
[Black "Andrews, Steve"]
[Result "0-1"]
[WhiteElo "1870"]
[BlackElo "2185"]
[PlyCount "84"]
[EventDate "1990.??.??"]

{2/(11)} 1. e4 Nf6 2. e5 Nd5 3. c4 Nb6 4. d4 d6 5. exd6 cxd6 6. Nc3 g6 7. Be3
Bg7 8. Nf3 Bg4 9. Be2 O-O 10. Rc1 Nc6 11. b3 d5 12. cxd5 Nxd5 13. Nxd5 Qxd5 14.
O-O Rfd8 15. Rc5 Qd6 16. d5 Nb4 17. Rc4 Nxd5 18. Rxg4 Nc3 19. Qc2 b5 20. Bd4 h5
21. Rh4 Nxe2+ 22. Qxe2 g5 23. Nxg5 Bxd4 24. Qxh5 Qg6 25. Qxg6+ fxg6 26. Ne6 Bf6
27. Rg4 Rd6 28. Nf4 Kf7 29. h4 Rd4 30. f3 Rad8 31. Re1 e5 32. Ne2 Rxg4 33. fxg4
Bxh4 34. Rc1 Rd2 35. Rc7+ Ke6 36. Nc3 Bg3 37. Kf1 Rf2+ 38. Kg1 Rd2 39. Kf1 e4
40. Nxe4 Rd1+ 41. Ke2 Re1+ 42. Kf3 Bxc7 0-1

[Event "Detroit (MOR/4/20)"]
[Site "?"]
[Date "1990.??.??"]
[Round "?"]
[White "Albacker, D."]
[Black "Winkelspecht, A."]
[Result "1-0"]
[WhiteElo "1620"]
[BlackElo "1605"]
[PlyCount "113"]
[EventDate "1990.??.??"]

{4/(20)} 1. d4 d5 2. Nf3 Bg4 3. h3 Bxf3 4. exf3 c6 5. c3 Nd7 6. f4 Qc7 7. Be3
O-O-O 8. Nd2 g6 9. Be2 f5 10. O-O e6 11. Rc1 Ne7 12. c4 Bg7 13. c5 h5 14. h4
Bh6 15. g3 Nf6 16. f3 b5 17. cxb6 Qxb6 18. Nb3 Kd7 19. Nc5+ Kd6 20. b3 Nd7 21.
Nd3 Bg7 22. Ne5 Rhf8 23. Rc2 Rc8 24. Qd3 Nb8 25. Rfc1 a5 26. a4 Bf6 27. Kg2 Rc7
28. Rc5 Ra7 29. Bd2 Bxe5 30. fxe5+ Kd7 31. f4 Rc8 32. Qc3 Rb7 33. Rb1 Qb4 34.
Qd3 Qb6 35. Bxa5 Qa7 36. Bd2 Rb6 37. a5 Ra6 38. b4 Kd8 39. Qe3 Nd7 40. Bxa6
Qxa6 41. Rc2 Qb5 42. Ra2 Ra8 43. Kf2 Ra6 44. Qe2 Kc7 45. Qxb5 cxb5 46. Rc2+ Kb7
47. Rbc1 Nc6 48. Ke3 Ndb8 49. Rc5 Nd7 50. Rxb5+ Ka8 51. Rbc5 Nxc5 52. Rxc5 Nb8
53. Rc7 Ra7 54. Rc8 Kb7 55. Re8 Nd7 56. Rxe6 Ra6 57. Re7 1-0

[Event "Detroit (RVO/2)"]
[Site "?"]
[Date "1990.??.??"]
[Round "?"]
[White "Albacker, D."]
[Black "Sturgis, Derreck"]
[Result "1-0"]
[WhiteElo "1605"]
[BlackElo "1605"]
[PlyCount "67"]
[EventDate "1990.??.??"]

1. d4 Nf6 2. c4 e6 3. e3 d5 4. Nc3 Bb4 5. Bd2 Bxc3 6. Bxc3 b6 7. Nf3 Nbd7 8.
Be2 O-O 9. O-O Ne4 10. Qc2 Bb7 11. b4 c5 12. dxc5 bxc5 13. a3 Re8 14. Nd2 Ndf6
15. Nxe4 Nxe4 16. Bb2 d4 17. exd4 cxd4 18. Rad1 e5 19. c5 Re7 20. c6 Rc7 21.
Qxe4 Rxc6 22. Bd3 g6 23. Qxe5 Re6 24. Qxd4 Qxd4 25. Bxd4 a6 26. Bc5 Rae8 27.
Bc4 Re4 28. Bd5 Bxd5 29. Rxd5 Re2 30. a4 Ra2 31. a5 Ree2 32. Rdd1 Kg7 33. Rfe1
Rab2 34. Bd4+ 1-0

[Event "Detroit (MOR/2/5)"]
[Site "?"]
[Date "1990.??.??"]
[Round "?"]
[White "Albacker, D."]
[Black "Sobocinski, Mike"]
[Result "0-1"]
[WhiteElo "1620"]
[BlackElo "1780"]
[PlyCount "82"]
[EventDate "1990.??.??"]

{2/(5)} 1. d4 d5 2. Nf3 Nf6 3. e3 e6 4. c4 c6 5. Nc3 Nbd7 6. a3 a5 7. Bd3 dxc4
8. Bxc4 b5 9. Bd3 b4 10. axb4 Bxb4 11. Bd2 O-O 12. O-O c5 13. Ne4 Bb7 14. Ng3
Bxf3 15. Qxf3 Bxd2 16. dxc5 Nxc5 17. Bc4 Bb4 18. Ne2 Qc7 19. Nd4 Nce4 20. Rfc1
Nd2 21. Qe2 Nxc4 22. Rxc4 Qd7 23. Nc6 Rac8 24. Nxb4 Rxc4 25. Qxc4 axb4 26. Qxb4
Rd8 27. h3 Qc7 28. Qe1 h6 29. b4 Rb8 30. Rb1 Qc4 31. Rc1 Qxb4 32. Rc8+ Kh7 33.
Qxb4 Rxb4 34. Rc7 Kg6 35. Kf1 Rb2 36. Rc1 Ne4 37. Re1 Rxf2+ 38. Kg1 Rc2 39. Rf1
Ng3 40. Rf3 Rc1+ 41. Kh2 Nf1+ 0-1

[Event "Detroit (MOR/6/22)"]
[Site "?"]
[Date "1990.??.??"]
[Round "?"]
[White "Albacker, D."]
[Black "Rosebrook, G."]
[Result "0-1"]
[WhiteElo "1620"]
[BlackElo "1605"]
[PlyCount "148"]
[EventDate "1990.??.??"]

{6/(22)} 1. d4 Nf6 2. c4 e6 3. Nf3 h6 4. e3 c5 5. Nc3 b6 6. Be2 Bb7 7. b3 g5 8.
O-O Bg7 9. Bb2 a6 10. dxc5 bxc5 11. a4 Nc6 12. Ba3 d6 13. Qc2 Nd7 14. Rad1 Qc7
15. Ne4 Ke7 16. Rd2 Nf6 17. Nxf6 Bxf6 18. Rfd1 Rad8 19. Bb2 Bxb2 20. Qxb2 Nb4
21. Qc3 a5 22. Ne1 Be4 23. Bh5 Rhg8 24. f3 Bh7 25. e4 e5 26. Nc2 Qb6 27. Ne3
Kf6 28. Ng4+ Kg7 29. Nxe5 dxe5 30. Qxe5+ Qf6 31. Qc7 Rxd2 32. Rxd2 Qa1+ 33. Kf2
Rf8 34. Qxc5 Qc3 35. Qd4+ Qxd4+ 36. Rxd4 Kf6 37. c5 Rc8 38. Rc4 Nc6 39. Ke3 Ke5
40. Bxf7 Nd4 41. Rc3 Rc7 42. Bd5 Bg6 43. c6 Be8 44. Rc5 Nxc6 45. Bxc6+ Kd6 46.
Rxa5 Rxc6 47. Rd5+ Ke7 48. Kd2 Bf7 49. Rb5 Rd6+ 50. Ke2 Ra6 51. g3 Kd6 52. h4
Rc6 53. Kd3 gxh4 54. gxh4 Kc7 55. b4 Rd6+ 56. Ke3 Be8 57. Rc5+ Kb7 58. a5 Ka6
59. f4 Bb5 60. e5 Rd3+ 61. Ke4 Rb3 62. Rc7 Rxb4+ 63. Kf5 Kxa5 64. e6 Bd3+ 65.
Ke5 Re4+ 66. Kd6 Rxf4 67. Rc5+ Kb4 68. Rh5 Rf6 69. Ke7 Rg6 70. Kf7 Rg4 71. Rxh6
Bc4 72. h5 Kc5 73. Kf8 Kd4 74. e7 Rg8# 0-1

[Event "Detroit (RVO/4)"]
[Site "?"]
[Date "1990.??.??"]
[Round "?"]
[White "Albacker, D."]
[Black "Gaiffe, G."]
[Result "0-1"]
[WhiteElo "1605"]
[BlackElo "2080"]
[PlyCount "78"]
[EventDate "1990.??.??"]

1. d4 Nf6 2. c4 c5 3. Nf3 e6 4. e3 d5 5. b3 Nc6 6. Bb2 cxd4 7. Nxd4 Bb4+ 8. Bc3
Qa5 9. Ne2 Ne4 10. Qc1 Ne5 11. Qc2 Ng4 12. f3 Nxe3 13. Qc1 Nxc3 14. Nbxc3 Bxc3+
15. Nxc3 d4 16. Ke2 Qe5 17. Ne4 f5 18. Nf2 Nxg2+ 19. Kd3 Nf4+ 20. Kc2 Bd7 21.
Nd3 Nxd3 22. Bxd3 O-O 23. Qd2 Rac8 24. Rhe1 Qf6 25. f4 Rfe8 26. Re5 Bc6 27.
Rae1 b6 28. Qe2 Kf7 29. Qh5+ Qg6 30. Qe2 Qg2 31. Qxg2 Bxg2 32. h4 g6 33. Rg1
Bb7 34. Be2 Rc5 35. h5 Kf6 36. Rxc5 bxc5 37. hxg6 hxg6 38. Bd3 e5 39. Re1 e4
0-1

[Event "Lansing Mini-Swiss (January)"]
[Site "Lansing, Mich."]
[Date "1990.01.07"]
[Round "2"]
[White "Moody, David"]
[Black "Wysocki, Jason"]
[Result "1-0"]
[WhiteElo "2083"]
[BlackElo "2105"]
[PlyCount "53"]
[EventDate "1990.01.07"]

1. e4 c6 2. d4 d5 3. exd5 cxd5 4. Bd3 Nc6 5. c3 g6 6. Bf4 Bg7 7. Nf3 Nh6 8.
Nbd2 O-O 9. Nf1 f6 10. Qd2 Nf7 11. c4 Nxd4 12. Nxd4 e5 13. cxd5 Qxd5 14. Ne2
exf4 15. Nxf4 Re8+ 16. Ne3 Qg5 17. g3 Ne5 18. h4 Nxd3+ 19. Qxd3 Qa5+ 20. Kf1 b6
21. Qc4+ Kh8 22. b4 Qa4 23. h5 Ba6 24. Nxg6+ hxg6 25. hxg6+ Bh6 26. Rxh6+ Kg7
27. Nf5+ 1-0

[Event "Lansing Mini-Swiss (January)"]
[Site "Lansing, Mich."]
[Date "1990.01.07"]
[Round "1"]
[White "Moody, David"]
[Black "Hahn, David"]
[Result "0-1"]
[WhiteElo "2083"]
[BlackElo "2222"]
[PlyCount "80"]
[EventDate "1990.01.07"]

1. b3 e5 2. Bb2 d6 3. e4 Nf6 4. Nc3 Nbd7 5. Bc4 Nc5 6. d3 Be6 7. Nge2 Bxc4 8.
bxc4 Qd7 9. O-O Be7 10. f4 O-O-O 11. Rb1 c6 12. Qd2 Rde8 13. fxe5 dxe5 14. Qg5
Nfxe4 15. Qxg7 Nd2 16. Rxf7 Nxb1 17. Nxb1 Ne6 18. Qxe5 Bc5+ 19. Qxc5 Nxc5 20.
Rxd7 Kxd7 21. Bxh8 Rxe2 22. Na3 a6 23. Kf1 Re8 24. Bd4 Kd6 25. Nb1 b5 26. Nd2
a5 27. cxb5 cxb5 28. c4 Nxd3 29. g3 Re1+ 30. Kg2 Re2+ 31. Kf3 Rxd2 32. Ke3 Rxa2
33. Kxd3 bxc4+ 34. Kxc4 Rxh2 35. Bc3 a4 36. Kb4 Ra2 37. Kc4 Ke6 38. Kb4 Kf5 39.
Bd4 Kg4 40. Be5 h5 0-1

[Event "Lansing (Jan)"]
[Site "?"]
[Date "1990.01.07"]
[Round "2"]
[White "Cummings, J."]
[Black "Aldrich, Jeff"]
[Result "1-0"]
[WhiteElo "1955"]
[BlackElo "1680"]
[PlyCount "43"]
[EventDate "1990.??.??"]

1. e4 c6 2. d4 d5 3. Nc3 dxe4 4. f3 exf3 5. Nxf3 Bg4 6. Bc4 e6 7. Be3 Nf6 8.
O-O Nbd7 9. Qe1 Be7 10. Ne5 Bf5 11. Rxf5 exf5 12. Nxf7 Qc7 13. Nxh8 Nb6 14. Be6
Ng4 15. g3 Nc4 16. Bf4 Qb6 17. Rd1 Nxb2 18. Rd2 c5 19. Bf7+ Kf8 20. Qe6 Qb4 21.
Nd5 Qxd2 22. Qxe7# 1-0

[Event "Lansing (Jan)"]
[Site "?"]
[Date "1990.01.07"]
[Round "3"]
[White "Brooks, Brion"]
[Black "Aldrich, Jeff"]
[Result "0-1"]
[WhiteElo "1685"]
[BlackElo "1680"]
[PlyCount "63"]
[EventDate "1990.??.??"]

1. d4 d5 2. c4 e6 3. Nc3 Nf6 4. Bg5 Nbd7 5. cxd5 exd5 6. e3 c6 7. Bd3 Be7 8.
Nge2 O-O 9. Qc2 h6 10. h4 Re8 11. O-O-O hxg5 12. hxg5 Ng4 13. Bh7+ Kf8 14. Bf5
Bxg5 15. Bxg4 Nf6 16. Bxc8 Qxc8 17. Ng3 Ng4 18. Rh8+ Ke7 19. Rxe8+ Kxe8 20. Nf5
Kf8 21. Rh1 Nh6 22. Nxh6 Bxh6 23. Kb1 Qe6 24. Qb3 b6 25. Rc1 Qf5+ 26. Qc2 Qxc2+
27. Rxc2 Ke7 28. Ne2 Rc8 29. b4 Kd6 30. Ng3 g6 31. Nf1 c5 32. dxc5+ {Time} 0-1

[Event "Lansing Mini-Swiss (January)"]
[Site "Lansing, Mich."]
[Date "1990.01.07"]
[Round "3"]
[White "Baze, Lineas"]
[Black "Moody, David"]
[Result "1-0"]
[WhiteElo "2102"]
[BlackElo "2083"]
[PlyCount "69"]
[EventDate "1990.01.07"]

1. e4 e5 2. Nf3 Nc6 3. Bc4 Nf6 4. d4 exd4 5. O-O Bc5 6. e5 d5 7. exf6 dxc4 8.
Re1+ Be6 9. Ng5 Qd5 10. Nc3 Qf5 11. g4 Qg6 12. Nxe6 fxe6 13. Ne4 Bb6 14. Bg5
gxf6 15. Nxf6+ Kf7 16. Qf3 d3 17. c3 d2 18. Ne4+ Ke8 19. Bxd2 Ne5 20. Nf6+ Kf7
21. Rxe5 Qxf6 22. Qxf6+ Kxf6 23. Rae1 Rae8 24. Kg2 c6 25. R5e4 e5 26. Rxc4 Rd8
27. Re2 Rd3 28. Rce4 Rhd8 29. Be1 Rg8 30. f3 h5 31. Bg3 hxg4 32. fxg4 Rd1 33.
h3 Rgd8 34. Bh4+ Kg6 35. Bxd8 1-0

[Event "Lansing (Jan)"]
[Site "?"]
[Date "1990.01.07"]
[Round "1"]
[White "Aldrich, Jeff"]
[Black "Sundeen, David"]
[Result "0-1"]
[WhiteElo "1680"]
[BlackElo "1725"]
[PlyCount "69"]
[EventDate "1990.??.??"]

1. d4 Nf6 2. c4 g6 3. Nc3 Bg7 4. Nf3 O-O 5. e4 d6 6. Be2 c5 7. d5 Nbd7 8. O-O
Ng4 9. h3 Nge5 10. Nh2 Nf6 11. Bg5 a6 12. f4 Ned7 13. Nf3 h6 14. Bh4 Qc7 15.
Bg3 Nh5 16. Bh2 e5 17. fxe5 dxe5 18. Nh4 Nhf6 19. Qd2 Nh7 20. Rad1 Re8 21. d6
Qc6 22. Nd5 Qxd6 23. Nf6+ Qxf6 24. Rxf6 Nhxf6 25. Rf1 Nxe4 26. Qd3 Nef6 27. Bg3
b6 28. Qc2 e4 29. Qd1 Bb7 30. Bg4 Rad8 31. Qe2 Nxg4 32. Qxg4 Ne5 33. Bxe5 Rxe5
34. Nxg6 fxg6 35. Qxg6 0-1

[Event "Flint (Class B/2)"]
[Site "?"]
[Date "1990.01.20"]
[Round "?"]
[White "Rosenberg, Steve"]
[Black "Aldrich, Jeff"]
[Result "1-0"]
[WhiteElo "1793"]
[BlackElo "1685"]
[PlyCount "119"]
[EventDate "1990.??.??"]

1. e4 c6 2. Nf3 d5 3. exd5 cxd5 4. d4 Bf5 5. Bd3 Bxd3 6. Qxd3 e6 7. Ne5 Qb6 8.
O-O Nf6 9. Nd2 Nc6 10. Nxc6 Qxc6 11. Nf3 Bd6 12. c3 O-O 13. Ne5 Qc7 14. h3 Bxe5
15. dxe5 Qxe5 16. Qe3 Qxe3 17. Bxe3 a6 18. Rad1 Rac8 19. Bd4 Rfe8 20. Bxf6 gxf6
21. Rd4 f5 22. Re1 b5 23. Re3 Rc4 24. Rd2 Re4 25. Rde2 Rxe3 26. Rxe3 f4 27. Rd3
Kg7 28. Rd4 Rc8 29. Rxf4 Rc4 30. Rxc4 dxc4 31. f4 a5 32. Kf2 Kf6 33. Ke3 e5 34.
Ke4 exf4 35. Kxf4 Ke6 36. Ke4 Kd6 37. g4 Kc5 38. g5 b4 39. h4 a4 40. cxb4+ Kxb4
41. Kd4 c3 42. bxc3+ Ka3 43. Kd3 Kxa2 44. Kc2 Ka3 45. h5 Ka2 46. c4 Ka3 47. c5
Kb4 48. c6 a3 49. c7 a2 50. Kb2 a1=Q+ 51. Kxa1 Kc5 52. c8=Q+ Kd6 53. Qf5 Ke7
54. Qxh7 Ke6 55. Qe4+ Kd6 56. h6 f6 57. h7 f5 58. Qxf5 Ke7 59. Qf6+ Kd7 60.
h8=Q 1-0

[Event "Michigan Masters/Experts Championship"]
[Site "Flint, Mich."]
[Date "1990.01.20"]
[Round "1"]
[White "Rogers, Brad"]
[Black "Moody, David"]
[Result "1-0"]
[WhiteElo "2232"]
[BlackElo "2083"]
[PlyCount "57"]
[EventDate "1990.01.20"]

1. d4 Nf6 2. Nf3 g6 3. g3 Bg7 4. Bg2 O-O 5. O-O d6 6. c4 c6 7. Nc3 Nbd7 8. e4
e5 9. d5 Nc5 10. Ne1 a5 11. Nd3 Nfd7 12. Be3 Na6 13. a3 Nc7 14. b4 cxd5 15.
cxd5 b6 16. Qb3 Ba6 17. b5 Bb7 18. Na4 Ne8 19. Rac1 Nc5 20. Ndxc5 dxc5 21. Nxb6
Qxb6 22. Bxc5 a4 23. Qd3 Qd8 24. Bxf8 Bxf8 25. Rc2 Qd6 26. Ra1 Rc8 27. Rxc8
Bxc8 28. Qc4 Qc5 29. Qxc5 1-0

[Event "Michigan Masters/Experts Championship"]
[Site "Flint, Mich."]
[Date "1990.01.20"]
[Round "2"]
[White "Moody, David"]
[Black "Cunningham, Robin"]
[Result "1-0"]
[WhiteElo "2083"]
[BlackElo "2227"]
[PlyCount "33"]
[EventDate "1990.01.20"]

1. e4 c6 2. d4 d5 3. exd5 cxd5 4. Bd3 Nc6 5. c3 Nf6 6. Bf4 Bg4 7. Qb3 Na5 8.
Qa4+ Bd7 9. Qc2 e6 10. Nf3 Qb6 11. Nbd2 Bb5 12. O-O Bxd3 13. Qxd3 Be7 14. Ne5
O-O 15. Ndf3 Rac8 16. Ng5 h6 17. Nd7 1-0

[Event "Flint (Class B/3)"]
[Site "?"]
[Date "1990.01.20"]
[Round "?"]
[White "Durkee, David"]
[Black "Aldrich, Jeff"]
[Result "1-0"]
[WhiteElo "1782"]
[BlackElo "1685"]
[PlyCount "80"]
[EventDate "1990.??.??"]

1. d4 d5 2. c4 e6 3. Nc3 Nf6 4. Nf3 Be7 5. e3 Nbd7 6. Bd3 b6 7. cxd5 exd5 8.
O-O Bb7 9. Qc2 Rc8 10. Bd2 c5 11. Rfe1 O-O 12. Ne2 cxd4 13. Qa4 dxe3 14. Bxe3
Nc5 15. Bxc5 Bxc5 16. Ned4 a5 17. Rac1 Ne4 18. Re2 Qf6 19. Rce1 Bb4 20. Rd1 Nc5
21. Qc2 Ne6 22. Bxh7+ Kh8 23. Qf5 Nxd4 24. Nxd4 Qxd4 25. Rf1 Qh4 26. Re3 Qf6
27. Rh3 Rfe8 28. Qh5 Bd2 29. f4 Qd4+ 30. Kh1 Bxf4 31. Bf5+ Bh6 32. Qxf7 Qf4 33.
Rhf3 Qg5 34. Bd3 Rg8 35. Qxb7 Qd8 36. Qf7 Qe8 37. Qf5 g6 38. Qf6+ Rg7 39. Rh3
Kg8 40. Rxh6 Rh7 1-0

[Event "Flint (Class B/1)"]
[Site "?"]
[Date "1990.01.20"]
[Round "?"]
[White "Aldrich, Jeff"]
[Black "Dixon, Frank"]
[Result "1-0"]
[WhiteElo "1685"]
[BlackElo "1763"]
[PlyCount "69"]
[EventDate "1990.??.??"]

1. d4 d5 2. c4 e6 3. Nc3 Nf6 4. Bg5 Be7 5. Nf3 Nbd7 6. e3 a6 7. cxd5 exd5 8.
Bd3 c5 9. Rc1 c4 10. Bb1 b5 11. O-O Bb7 12. Qc2 Qc7 13. Bf4 Bd6 14. Rfe1 b4 15.
Ne2 Ne4 16. Nd2 f5 17. f3 O-O 18. fxe4 fxe4 19. Rf1 a5 20. Bxd6 Qxd6 21. Nf4 a4
22. Nxc4 dxc4 23. Qxc4+ Kh8 24. Qc7 Qb6 25. Qxd7 Rad8 26. Qh3 Rf6 27. Nh5 Rg6
28. Qf5 Qd6 29. Bxe4 Bc8 30. Rxc8 Rg8 31. Qf8 Qe6 32. Qxg8+ Qxg8 33. Rff8 h6
34. Rxg8+ Kh7 35. Rh8# 1-0

[Event "Michigan Masters/Experts Championship"]
[Site "Flint, Mich."]
[Date "1990.01.21"]
[Round "4"]
[White "Moody, David"]
[Black "Bailey, Greg"]
[Result "1/2-1/2"]
[WhiteElo "2083"]
[BlackElo "2082"]
[PlyCount "36"]
[EventDate "1990.01.20"]

1. Nf3 Nf6 2. g3 d5 3. Bg2 c5 4. O-O Nc6 5. d4 e6 6. c4 dxc4 7. Qa4 Qa5 8. Qxc4
cxd4 9. Nxd4 Nxd4 10. Qxd4 Bc5 11. Qc4 e5 12. Nc3 O-O 13. Bg5 Qb4 14. Qxb4 Bxb4
15. Bxf6 Bxc3 16. Bxg7 Bxb2 17. Bxf8 Bxa1 18. Bd6 Bc3 1/2-1/2

[Event "Michigan Masters/Experts Championship"]
[Site "Flint, Mich."]
[Date "1990.01.21"]
[Round "3"]
[White "Laren, Phil"]
[Black "Moody, David"]
[Result "1-0"]
[WhiteElo "2168"]
[BlackElo "2083"]
[PlyCount "47"]
[EventDate "1990.01.20"]

1. d4 Nf6 2. c4 c5 3. d5 e6 4. Nc3 exd5 5. cxd5 d6 6. Nf3 g6 7. Nd2 Bg7 8. Nc4
O-O 9. Bg5 a6 10. a4 Re8 11. e3 h6 12. Bh4 Qe7 13. Bg3 Ng4 14. Bxd6 Bxc3+ 15.
bxc3 Qf6 16. Ra2 Qxc3+ 17. Qd2 Qxd2+ 18. Rxd2 Bf5 19. Nb6 Nd7 20. Nxa8 Rxa8 21.
Be2 Ngf6 22. f3 g5 23. Be7 b5 24. e4 1-0

[Event "Flint (Class B/4)"]
[Site "?"]
[Date "1990.01.21"]
[Round "?"]
[White "Aldrich, Jeff"]
[Black "Sundeen, David"]
[Result "1-0"]
[WhiteElo "1685"]
[BlackElo "1742"]
[PlyCount "63"]
[EventDate "1990.??.??"]

1. d4 Nf6 2. c4 c5 3. d5 d6 4. Nc3 e5 5. e4 Be7 6. f4 Nbd7 7. Nf3 O-O 8. Be2 a6
9. O-O Nh5 10. fxe5 Nxe5 11. Nxe5 dxe5 12. Bxh5 f5 13. exf5 Bxf5 14. Be3 Bd6
15. Bg4 Bg6 16. Be6+ Kh8 17. Qg4 Bd3 18. Rxf8+ Qxf8 19. b3 Qf6 20. Ne4 Bxe4 21.
Qxe4 Rf8 22. Qg4 e4 23. Re1 Qc3 24. Qe2 Qe5 25. g3 Rf3 26. Bf2 h5 27. Qxe4 Qf6
28. Qh4 g5 29. Qxh5+ Kg7 30. Rf1 Be5 31. Kg2 Rc3 32. Qe2 1-0